Statystyki dla Wszyscy zdobywcy Pucharu Króla.

Kliknij tutaj aby rozwiązać quiz!

Ogólne statystyki

  • Ten quiz został rozwiązany 108 razy
  • Średni wynik to 8 z 16

Statystyki odpowiedzi

Klub% Poprawnych
Real Madryt
99%
Barcelona
97%
Atletico Madryt
88%
Sevilla
82%
Valencia
76%
Real Sociedad
69%
Real Betis
68%
Athletic Bilbao
67%
Espanyol
45%
Mallorca
45%
Deportivo La Coruna
43%
Levante
26%
Real Zaragoza
12%
Real Union
2%
Club Ciclista
1%
Club Vizcaya
0%

Rozkład punktacji

Percentyl według liczby udzielonych odpowiedzi

Procent ludzi z każdym wynikiem

Twoja historia wyników

Nie rozwiązałeś tego quizu